LEADER 00932nam a2200229 4500 001 000000350225 003 CaOOAMICUS 005 20220506121339.0 008 220506s2014 it 000 u ita r 020 $a978-88-04-63823-0 040 $aSeMil$bita 100 1 $aCalimani, Riccardo,$d<1946- >.$0(OLS)http://semarc/name/41624 245 13$a2: Dal 16. al 18. secolo /$cRiccardo Calimani. 264 1$aMilano :$bMondadori,$c2014. 300 $a598 p. ;$c24 cm 773 0 $aCalimani, Riccardo <1946- >$tStoria degli Ebrei italiani.$dMilano : Mondadori, 2014.$kScie$g2$w()350224 850 $aSeMil 852 $aSeMil$W1$xVenegono$y1$m3W VII 17$j232983$B241245$CSeMilBibl$Z2$F241245 $81 996 $6020$a978-88-04-63823-0$9(OLS)http://semarc/number/291741 996 $6245$a2: Dal 16. al 18. secolo$9(OLS)http://semarc/title/439902 996 $6264$aMilano :$bMondadori$9(OLS)http://semarc/publisher/30335 LEADER 01404nam a2200301 i 4500 001 000000244535 003 CaOOAMICUS 005 20150811000000.0 008 150811s1957 it u000 u ita u 013 $a223440 040 $aSeMil$bita 245 10$aOpere di Giandomenico Romagnosi, Carlo Cattaneo, Giuseppe Ferrari /$ca cura di Ernesto Sestan. 260 $aMilano ; Napoli :$bRicciardi,$c1957. 300 $aLVIII, 1264 p. ;$c23 cm. 490 0 $aLa letteratura italiana : storia e testi ;$v68 500 $aFondo card. Giovanni Colombo. 650 4$aPolitica - Teorie - Italia - Sec. 19.-20.$0(OLS)http://semarc/subject/2960 700 1 $aCattaneo, Carlo <1801-1869>.$0(OLS)http://semarc/name/1342 700 1 $aSestan, Ernesto.$0(OLS)http://semarc/name/23379 700 1 $aRomagnosi, Gian Domenico,$d<1761-1835>.$0(OLS)http://semarc/name/2860 700 1 $aFerrari, Giuseppe,$d<1811-1876>.$0(OLS)http://semarc/name/10162 830 3$aLa letteratura italiana : storia e testi ;$v68.$0(OLS)http://semarc/title/220 850 $aSeMil 852 $aSeMil$W1$xVenegono$y1$m3GC VII 187$j194881$B194881$CSeMilBibl$Z2$F205556 $8B 941 1 $a3 961 $aLascito: Colombo Card. Giovanni 996 $6245$aOpere di Giandomenico Romagnosi, Carlo Cattaneo, Giuseppe Ferrari$9(OLS)http://semarc/title/196348 996 $6260$aMilano ; Napoli :$bRicciardi$9(OLS)http://semarc/publisher/29956